000 00428nam a2200181Ia 4500
001 19144
005 20260306171722.0
008 260306s9999||||xx |||||||||||||| ||und||
041 _aESP
082 _a658.8
_bL587
100 _aLury, Giles
_eAUT
245 0 _a75 historias de marketing con moraleja
260 _c2016
300 _a187 páginas :
_c23 cm.
650 _aGEN
654 _aCAN
942 _cLIB
_dJUS
_fJUS
_2ddc
_n
999 _c19144
_d19144